000
00196 a2200097 4500
001
47329
100
_a
Snyder L
245
_a
The War
260
_a
London
_b
Robert hale
_c
090
_c
30366
_d
30366
942
_a
NUST-CAE
_c
M
_c
22632
999
_c
282402
_d
282402